Gestión financiera y de inversiones con excel (Registro nro. 5155)

Detalles MARC
000 -LEADER
fixed length control field 01727 a2200241 4500
001 - CONTROL NUMBER
control field 53237
005 - DATE AND TIME OF LATEST TRANSACTION
control field 20260407155806.0
008 - FIXED-LENGTH DATA ELEMENTS--GENERAL INFORMATION
fixed length control field 260407a2004 arg spa d
003 - CONTROL NUMBER IDENTIFIER
control field AR-UNSa-BCEJYS
040 ## - CATALOGING SOURCE
Original cataloging agency AR-UNSa-BCEJYS
Language of cataloging spa
Transcribing agency AR-UNSa-BCEJYS
080 ## - UNIVERSAL DECIMAL CLASSIFICATION NUMBER
Universal Decimal Classification number 004.67*E:658
Common auxiliary subdivision Excel para Administración de Empresas
020 ## - INTERNATIONAL STANDARD BOOK NUMBER
International Standard Book Number 84-415-1948-X
041 ## - LANGUAGE CODE
Language code of text/sound track or separate title spa
100 1# - MAIN ENTRY--PERSONAL NAME
Personal name Aitken, Peter G.
245 10 - TITLE STATEMENT
Title Gestión financiera y de inversiones con excel
264 #1 - PRODUCTION, PUBLICATION, DISTRIBUTION, MANUFACTURE, AND COPYRIGHT NOTICE
Place of production, publication, distribution, manufacture Madrid :
Name of producer, publisher, distributor, manufacturer Anaya Multimedia
Date of production, publication, distribution, manufacture, or copyright notice 2004
300 ## - PHYSICAL DESCRIPTION
Extent 336 p.
Dimensions 23 cm.
505 ## - FORMATTED CONTENTS NOTE
Formatted contents note Parte I: Fundamentos de los cálculos financieros - 1. Tomar el control de sus finanzas - 2. Empleo de Excel para menejar el dinero - 3. Realización de cálculos financieros básicos - 4. Cálculo del activo neto - Parte II: Tomar el control de las cuentas bancarias y de las tarjetas de crédito - 5. Administración del dinero con un presupuesto - 6. Gestión inteligente de las cuentas corrientes - 7. Sacar el máximo provecho a las tarjetas de crédito - Parte III: Financiación de su vivienda y coche - 8. Comprender las hipótesis... y encontrar la más adecuada - 9. Consideraciones sobre las segundas hipotecas - 10. Refinanciación de la hipoteca - 11. La cuentas de dépositos - 12. Tomar la decisión correcta entre alquilar o comprar una vivienda - 13. Automóvil nuevo: ¿arrendamiento financiero o compra? - Parte IV: Gestión de las inversiones - 14. Conceptos fundamentales de la inversión - 15. Estar al día de las inversiones - 16. Comparación de los fondos de inversión - 17. Planificación para la universidad o la jubilación - V. Ápendices
590 ## - LOCAL NOTE (RLIN)
Local note niveau_biblio:m niveau_hierar:0
650 ## - SUBJECT ADDED ENTRY--TOPICAL TERM
Topical term or geographic name entry element EXCEL
650 ## - SUBJECT ADDED ENTRY--TOPICAL TERM
Topical term or geographic name entry element excel
942 ## - ADDED ENTRY ELEMENTS (KOHA)
Koha item type
Existencias
Withdrawn status Lost status Damaged status Not for loan Home library Current library Shelving location Date acquired Total checkouts Full call number Barcode Date last seen Price effective from Koha item type
        Biblioteca Prof. Eusebio Cleto del Rey Biblioteca Prof. Eusebio Cleto del Rey   07/04/2026   004.67*E:658 A311 L116845 07/04/2026 07/04/2026 Libro